[Event "aut_ychb16 Bad Ischl"]
[Site "?"]
[Date "2007.04.03"]
[Round "6.9"]
[White "Klocker, Samuel"]
[Black "Gurdet, Daniel"]
[Result "1-0"]
[WhiteElo "1729"]
[BlackElo "1730"]
[PlyCount "51"]
[EventDate "2007.03.31"]

1. e4 e6 2. d4 d5 3. exd5 exd5 4. Bd3 c5 5. dxc5 Bxc5 6. Nf3 Nc6 7. O-O Nge7 8.
Bf4 O-O 9. Re1 Bf5 10. Nc3 Bxd3 11. Qxd3 d4 12. Ne4 Bb4 13. Re2 Ng6 14. Bd2
Nge5 15. Nxe5 Nxe5 16. Qb5 d3 17. cxd3 Qxd3 18. Qxe5 Rae8 19. Qxe8 Rxe8 20.
Nf6+ gxf6 21. Rxe8+ Kg7 22. Bxb4 Qb5 23. Re4 f5 24. Bc3+ Kg6 25. Re3 a5 26. Re5
1-0

[Event "aut_ychb16 Bad Ischl"]
[Site "?"]
[Date "2007.04.04"]
[Round "7.3"]
[White "Halvax, Georg"]
[Black "Wolfram, Kevin"]
[Result "0-1"]
[WhiteElo "2008"]
[BlackElo "1974"]
[PlyCount "66"]
[EventDate "2007.03.31"]

1. e4 c5 2. Nf3 Nc6 3. d4 cxd4 4. Nxd4 g6 5. Nc3 Bg7 6. Be3 Nf6 7. Bc4 O-O 8.
Bb3 a5 9. O-O a4 10. Nxa4 Nxe4 11. Nxc6 bxc6 12. Nb6 Rb8 13. Nxc8 Qxc8 14. f3
Nd6 15. Bf4 Bxb2 16. Bxd6 exd6 17. Rb1 Ba3 18. Re1 d5 19. Qd3 Qc7 20. Kh1 Bc5
21. c3 Qf4 22. Rbd1 Rfe8 23. g3 Qf6 24. Kg2 Re6 25. Kf1 Rbe8 26. Rxe6 Qxe6 27.
Rd2 Qe1+ 28. Kg2 Qg1+ 29. Kh3 Re3 30. Qa6 Rxf3 31. Qc8+ Kg7 32. Qxd7 Qf1+ 33.
Rg2 Rf2 0-1

[Event "aut_ychb16 Bad Ischl"]
[Site "?"]
[Date "2007.04.04"]
[Round "7.4"]
[White "Newrkla, Katharina"]
[Black "Platzgummer, Fabian"]
[Result "0-1"]
[WhiteElo "1998"]
[BlackElo "2121"]
[PlyCount "180"]
[EventDate "2007.03.31"]

1. e4 c5 2. Nf3 d6 3. d4 cxd4 4. Nxd4 Nf6 5. Nc3 a6 6. Bc4 b5 7. Bb3 Nbd7 8.
O-O Nc5 9. f4 Nxb3 10. axb3 e5 11. fxe5 dxe5 12. Ndxb5 Qb6+ 13. Kh1 Bb7 14. Na3
Bxa3 15. Rxa3 Nxe4 16. Nxe4 Bxe4 17. Qh5 O-O 18. Qxe5 Qg6 19. Qg5 Bxc2 20. Qxg6
Bxg6 21. b4 Rfe8 22. Re3 f6 23. Rfe1 Red8 24. R3e2 Rd5 25. Bd2 Rad8 26. Bc3 h5
27. Re6 Bd3 28. Re8+ Rxe8 29. Rxe8+ Kf7 30. Re1 h4 31. Re3 Bb5 32. h3 Bc6 33.
Re4 Rd1+ 34. Re1 Rd3 35. Kh2 g5 36. Rf1 Rd6 37. Rf2 Kg6 38. Rd2 Re6 39. Rf2 f5
40. Rd2 g4 41. hxg4 fxg4 42. g3 h3 43. Rf2 Bf3 44. Kg1 Kf5 45. Kh2 Ke4 46. Rd2
Ke3 47. Rc2 Kd3 48. Rd2+ Kc4 49. Rf2 Kd3 50. Rd2+ Ke3 51. Rc2 Be4 52. Rd2 Re8
53. Rd6 Rf8 54. Rf6 Rd8 55. Rf1 Bf3 56. Re1+ Be2 57. Be5 Kf3 58. Bc3 Kf2 59.
Rc1 Ke3 60. Be5 Rd5 61. Bf4+ Kf2 62. Ra1 Rd4 63. Ra3 Rd1 64. Rc3 Bb5 65. Rc2+
Kf3 66. Rc3+ Ke4 67. Rc1 Rd3 68. Re1+ Kd4 69. Be5+ Kd5 70. Bc3 Rf3 71. Rd1+ Ke6
72. Re1+ Kd5 73. Rd1+ Bd3 74. Rd2 Ke4 75. Bg7 Rf1 76. Bh6 Kd4 77. Bg7+ Ke4 78.
Bh6 Bb5 79. Rc2 Kd3 80. Rc3+ Kd4 81. Be3+ Ke4 82. Bc5 Rd1 83. Rc2 Bf1 84. Bg1
Bg2 85. Re2+ Kd5 86. Rc2 Ke4 87. Re2+ Kd3 88. Re6 Kc4 89. Rxa6 Rd2 90. Be3 Re2
0-1

[Event "aut_ychb16 Bad Ischl"]
[Site "?"]
[Date "2007.04.04"]
[Round "7.5"]
[White "Hartl, Daniel"]
[Black "Peschek, Marcel"]
[Result "1-0"]
[WhiteElo "1969"]
[BlackElo "1620"]
[PlyCount "87"]
[EventDate "2007.03.31"]

1. e4 c5 2. Nf3 Nc6 3. Bb5 d6 4. O-O a6 5. Bxc6+ bxc6 6. Nc3 Bg4 7. h3 Bh5 8.
Re1 e6 9. d3 Be7 10. Bf4 e5 11. Be3 Nf6 12. Kh2 O-O 13. Ne2 Nd7 14. Ng3 Bg6 15.
c3 Qb6 16. b3 f5 17. exf5 Bxf5 18. Nxf5 Rxf5 19. d4 e4 20. Nd2 d5 21. Nf1 Rf7
22. Ng3 Rd8 23. Rf1 Qc7 24. Qe2 a5 25. c4 cxd4 26. Bxd4 Bf6 27. Bxf6 Nxf6 28.
cxd5 cxd5 29. Kg1 Qb6 30. Rfd1 Ne8 31. Rac1 Nc7 32. Rd2 Qd6 33. Nxe4 Qa3 34.
Rdc2 Re7 35. Rxc7 Rxe4 36. Qh5 Re7 37. Qg5 Rde8 38. Qxd5+ Kf8 39. Qf5+ Kg8 40.
Qd5+ Kf8 41. R1c3 Re6 42. Rf3+ Rf6 43. Rxf6+ gxf6 44. Qf7# 1-0

[Event "aut_ychb16 Bad Ischl"]
[Site "?"]
[Date "2007.04.04"]
[Round "7.6"]
[White "Oitzl, Danijel"]
[Black "Klocker, Samuel"]
[Result "1/2-1/2"]
[WhiteElo "1912"]
[BlackElo "1729"]
[PlyCount "42"]
[EventDate "2007.03.31"]

1. d4 d5 2. Nf3 Nf6 3. c4 e6 4. e3 c6 5. Qc2 Nbd7 6. b3 Bd6 7. Bb2 O-O 8. Nbd2
Qc7 9. Bd3 Re8 10. O-O e5 11. dxe5 Nxe5 12. Nxe5 Bxe5 13. Bxe5 Qxe5 14. Nf3 Qd6
15. Rac1 Bg4 16. Nd4 a6 17. cxd5 Qxd5 18. Bf5 Rad8 19. Qc5 Bxf5 20. Nxf5 Qxc5
21. Rxc5 Rd2 1/2-1/2

[Event "aut_ychb16 Bad Ischl"]
[Site "?"]
[Date "2007.04.04"]
[Round "7.7"]
[White "Zwanowetz, Thomas"]
[Black "Mayr, Michael"]
[Result "1/2-1/2"]
[WhiteElo "1716"]
[BlackElo "1685"]
[PlyCount "106"]
[EventDate "2007.03.31"]

1. e4 c5 2. d4 cxd4 3. Nf3 d6 4. Nxd4 g6 5. Be3 Bg7 6. Nc3 Nf6 7. Be2 Nc6 8.
O-O O-O 9. Qd2 Re8 10. f4 Ng4 11. Bxg4 Bxg4 12. f5 gxf5 13. exf5 e6 14. fxe6
fxe6 15. Nxc6 bxc6 16. Qf2 Bf5 17. Qg3 Kh8 18. Rf2 Rg8 19. Qf3 d5 20. Ne2 Qh4
21. c3 Raf8 22. Qg3 Qe7 23. Qg5 Bf6 24. Qf4 Rg4 25. Qf3 Qg7 26. Ng3 Be5 27. Nh5
Qg6 28. Nf4 Qg8 29. Bd4 Bxd4 30. cxd4 Rf7 31. Nh5 Rg5 32. Ng3 Rb7 33. Qc3 Rc7
34. Raf1 Qg7 35. Nxf5 exf5 36. Qe3 Re7 37. Qc3 Re4 38. Qxc6 Rxd4 39. Qa8+ Qg8
40. Qxg8+ Rxg8 41. Rxf5 Rd8 42. Rf8+ Rxf8 43. Rxf8+ Kg7 44. Ra8 Rd2 45. Rxa7+
Kf6 46. b4 Rb2 47. Rxh7 Rxa2 48. b5 Rb2 49. b6 Ke5 50. b7 Ke4 51. Kf1 Ke3 52.
g4 Kf3 53. Rf7+ Kxg4 1/2-1/2

[Event "aut_ychb16 Bad Ischl"]
[Site "?"]
[Date "2007.04.04"]
[Round "7.8"]
[White "Singer, Gerald"]
[Black "Gurdet, Daniel"]
[Result "1-0"]
[WhiteElo "1883"]
[BlackElo "1730"]
[PlyCount "85"]
[EventDate "2007.03.31"]

1. d4 d5 2. c4 e6 3. Nf3 Nf6 4. Bg5 Be7 5. e3 O-O 6. Nc3 Nbd7 7. cxd5 Nxd5 8.
Bxe7 Qxe7 9. Nxd5 exd5 10. Bd3 c6 11. O-O Nb6 12. Qc2 g6 13. Rab1 Bg4 14. Nd2
Qg5 15. Kh1 Bd7 16. a4 Nc8 17. Nf3 Qe7 18. b4 Nd6 19. Ne5 Bf5 20. Bxf5 Nxf5 21.
Qc5 Qe6 22. b5 f6 23. Nd3 Rfc8 24. Nf4 Qd7 25. h3 Ne7 26. Rfc1 b6 27. Qb4 cxb5
28. Qxb5 Qxb5 29. Rxc8+ Rxc8 30. Rxb5 Rd8 31. a5 Rd6 32. Kh2 g5 33. Nd3 Kf7 34.
axb6 Rxb6 35. Ra5 Rb7 36. Nc5 Rc7 37. Nd3 h5 38. Nb4 Rd7 39. h4 g4 40. Nd3 Kg6
41. Nf4+ Kh6 42. Ra6 Ng8 43. g3 1-0

[Event "aut_ychb16 Bad Ischl"]
[Site "?"]
[Date "2007.04.04"]
[Round "7.9"]
[White "Stagl, Marco"]
[Black "Spielleuthner, Simon"]
[Result "1-0"]
[WhiteElo "1724"]
[BlackElo "1742"]
[PlyCount "77"]
[EventDate "2007.03.31"]

1. d4 d5 2. g3 e6 3. Bg2 c5 4. Nf3 Nc6 5. O-O Nf6 6. c4 Be7 7. a3 cxd4 8. Nxd4
e5 9. Nxc6 bxc6 10. Nc3 Bb7 11. Bg5 e4 12. Qa4 O-O 13. Rfd1 Nd7 14. Be3 Nb6 15.
Bxb6 Qxb6 16. cxd5 cxd5 17. Nxd5 Bxd5 18. Rxd5 Bc5 19. Rf1 Rac8 20. b4 Bd4 21.
Bxe4 Rc3 22. Qd1 Bf6 23. Rd3 Rfc8 24. Rxc3 Rxc3 25. Qd7 g6 26. Bd5 Rc7 27. Qa4
Qd4 28. Rd1 Qe5 29. Bf3 Kg7 30. Kg2 Qe7 31. Qa5 h5 32. Rd5 Rc2 33. Rc5 Rb2 34.
Rc7 Qe8 35. Qxa7 Rd2 36. Qb7 Qe6 37. Qc6 Qe5 38. Qc4 Be7 39. Qc3 1-0